Gemeinden im Landkreis Schwäbisch Hall - Statistiken

Allgemein
  • Dieses Quiz wurde 96 mal gespielt
    51 seit der letzten Aktualisierung
  • Das Durchschnittsergebnis liegt bei 15 aus 30
Antwortstatistiken
% Korrekt
Crailsheim
84%
Schwäbisch Hall
84%
Vellberg
72%
Gaildorf
68%
Rot am See
68%
Bühlertann
60%
Michelbach/Bilz
60%
Bühlerzell
56%
Mainhardt
56%
Satteldorf
56%
Ilshofen
52%
Oberrot
52%
Obersontheim
52%
Untermünkheim
52%
Michelfeld
48%
Rosengarten
48%
Wolpertshausen
48%
Blaufelden
44%
Schrozberg
44%
Sulzbach-Laufen
44%
Braunsbach
40%
Fichtenberg
40%
Gerabronn
40%
Kirchberg/Jagst
40%
Kreßberg
36%
Frankenhardt
28%
Langenburg
28%
Stimpfach
28%
Wallhausen
24%
Fichtenau
16%
Keine übereinstimmenden Quizze gefunden
Verteilung der Resultate
Anzahl Personen mit jedem Resultat
Perzentil nach korrekt beantworteten Fragen
Ihre Resultats-Entwicklung
Sie haben dieses Quiz seit der letzten Aktualisierung nicht gespielt